000 00769nam a2200253Ia 4500
003 OSt
005 20220926034434.0
006 a|||||r|||| 00| 0
007 ta
008 220923b |||||||| |||| 00| 0 eng d
020 _c
_27.95
037 _b66752, 29/03/2001, IBD
_cGeneral Book
040 _aRTL
_cRTL
_beng
041 _2eng
_aeng
082 _aX:(G:55), P1
100 _aToman Michael A Ed.
_9245281
245 0 _aClimate change economics and policy
260 _aWashington
_bResources for the Future U S A
_c2000
300 _axii, 276p.
_ccm.
490 _aResources for the Future
650 _aEnvironmental Economics
942 _hX:(G:55), P1
_cGB
_2CC
999 _c659479
_d659479